Sacramento Kings 2020s Top 10 Leaders - Statistics

General Stats
  • This quiz has been taken 97 times
    18 since last reset
  • The average score is 9 of 18
Answer Stats
Player % Correct
De'Aaron Fox
100%
Domantas Sabonis
100%
DeMar DeRozan
80%
Keegan Murray
80%
Malik Monk
67%
Russell Westbrook
67%
Harrison Barnes
60%
Keon Ellis
60%
Tyrese Haliburton
53%
Buddy Hield
40%
Kevin Huerter
33%
Richaun Holmes
33%
Dylan Cardwell
27%
Alex Len
20%
Davion Mitchell
20%
Marvin Bagley III
13%
Trey Lyles
7%
Chimezie Metu
0%
No matching quizzes found
Score Distribution
Percent of People with Each Score
Percentile by Number Answered
Your Score History
You have not taken this quiz since the last reset